000 00811nab a2200241 u 4500
001 10361
003 HDC
007 cr bn ---aaaaa
008 210104c mydr|noo 0 a may d
040 _aHDC
100 _aFitria Rahmadianti
_eauthor
_910486
245 0 _aSpanyol Tertarik Kembangkan Industri Makanan Halal /
_cby Fitria Rahmadianti
260 _a[No place] :
_bDetik.com,
_c[No year]
336 _atext
_2rdacontent
337 _acomputer
_2rdamedia
338 _aonline resource
_2rdacarrier
650 _aHalal food
_950
650 _aHalal industry
_9144
856 _zRequest full-text at [email protected]
942 _2lcc
942 _cNEWS
942 _kNWSO 000476
999 _c7684
_d7684